| 000 | 00356nam a22001217a 4500 | ||
|---|---|---|---|
| 999 |
_c2745 _d2745 |
||
| 005 | 20200923153917.0 | ||
| 008 | 200923b ||||| |||| 00| 0 eng d | ||
| 020 | _a0720712645 | ||
| 040 | _cCML | ||
| 245 |
_aPears Cyclopaedia 1980-81. _cCook, C. |
||
| 260 |
_aLondon _bPelham Books LTD _c1897 |
||
| 942 |
_2ddc _cBK _e1st Edition _h032 _kR032 _mPEA |
||